15 Largest Cities in Montana⛰ - Statistics

General Stats
  • This quiz has been taken 23 times
  • The average score is 6 of 15
Answer Stats
Population City % Correct
115,689 Billings
100%
32,060 Helena
88%
73,300 Missoula
81%
51,574 Bozeman
75%
60,381 Great Falls
69%
35,017 Butte
56%
24,260 Kalispell
44%
9,380 Anaconda
38%
9,417 Havre
25%
8,110 Livingston
13%
8,441 Miles City
13%
10,555 Belgrade
6%
7,988 Evergreen
0%
9,316 Helena Valley Southeast
0%
8,550 Helena Valley West Central
0%
No matching quizzes found
Score Distribution
Percent of People with Each Score
Percentile by Number Answered
Your Score History
You have not taken this quiz